| 000 | 00461nam a2200181Ia 4500 | ||
|---|---|---|---|
| 005 | 20250423094545.0 | ||
| 008 | 250422s9999 xx 000 0 und d | ||
| 020 | _a9789382226444 | ||
| 050 | _aTS 2301.A7 .R3/ | ||
| 100 | _aRa, Mitch S. | ||
| 245 | 0 | _aBasics of audio-visual editing | |
| 260 | _aNew Delhi | ||
| 260 | _bRandom exports | ||
| 260 | _c2020 | ||
| 300 | _a320 p | ||
| 650 | _aAudio-visual equipment--Design and construction. | ||
| 942 | _cBK | ||
| 999 |
_c27599 _d27599 |
||